Click the Fantastic Four Quiz Stats

 Plays Quiz Updated Sep 29, 2019

Score 0/15 Timer 04:00
9 Plays Today
Question Answer Wrong Answers
Thing Thing
96.3%
Hulk
0.6%
Abomination
1%
A-Bomb
1.2%
Mr. Fantastic Mr. Fantastic
95.1%
Hyperion
3.6%
Thing
0.9%
Hulk
0.3%
Human Torch Human Torch
95.1%
Hyperion
0.5%
Sunfire
2.2%
Savin
0.7%
Black Panther Black Panther
91.7%
Blue Marvel
2.1%
Black Cat
1.1%
Hellcat
0.3%
She-Hulk She-Hulk
91.5%
Red She-Hulk
2.1%
Gamora
1.8%
Mantis
0.4%
Invisible Woman Invisible Woman
91.2%
Moonstone
2.8%
Dagger
4%
Colleen Wing
1.6%
Storm Storm
89.5%
Thor
0.9%
Nico Minoru
3.1%
Kamala Khan
1.8%
Doctor Doom Doctor Doom
84.6%
Doctor Octopus
5.3%
Doctor Voodoo
3.3%
Mephisto
2.9%
Iceman Iceman
84.6%
Ymir
2.4%
Jotun Chieftan
2.2%
Colossus
5.2%
Tigra Tigra
82.3%
White Tiger
2.7%
Hellcat
6.7%
Shanna
2.7%
Ant-Man (Scott Lang) Ant-Man
80.5%
Hank Pym
12.3%
Yellowjacket
2.5%
Karn
0.3%
Luke Cage Luke Cage
74.3%
Daredevil
3.7%
Blade
12.6%
Chase Stein
4%
Medusa Medusa
69.4%
Crystal
3.7%
Thundra
3.6%
Angela
18.3%
Future Foundation Spider-Man Spider-Man
42.9%
Spider-Man Noir
4%
Ultimate Spider-Man
21.8%
Spider-Man 2099
28.5%
Crystal Crystal
23%
Karolina Dean
20.1%
Emma Frost
22.1%
Dagger
29.6%

You're not logged in!

Compare scores with friends on all Sporcle quizzes.
OR
Log In

Sporcle TV

Today on Sporcle TV


Watch our educational content, quiz creation guides, and fun videos on Sporcle TV.

Show Comments

Extras

Top Quizzes Today


Score Distribution

Your Account Isn't Verified!

In order to create a playlist on Sporcle, you need to verify the email address you used during registration. Go to your Sporcle Settings to finish the process.

Report this User

Report this user for behavior that violates our Community Guidelines.

Details: